| 000 | 01069cab a2200253 4500 | ||
|---|---|---|---|
| 001 | ABS40268 | ||
| 008 | 090401t1989 xxu||||| |||| 00| 0 eng d | ||
| 035 | _a(Sirsi) u22672 | ||
| 041 | _aeng | ||
| 100 | _aSmith, R. | ||
| 245 | _aShenley Park | ||
| 260 | _c1989 | ||
| 350 | _a0 | ||
| 490 |
_aHousing and Planning Review _v43(6) December/January 1989, 8 |
||
| 520 | _aPlanning permission has recently been granted by the Secretary of State for the Environment for development of a new village on green belt land. Originally a large mental hospital was housed on the site and in this article the author describes how community-based planning was used to develop a large redundant hospital and out buildings and at the same time increase the supply of housebuilding land and provide low cost housing for local communities. | ||
| 650 | _aCOMMUNITY HOUSING | ||
| 650 | _aCOMMUNITY PLANNING | ||
| 650 | _aHOSPITALS | ||
| 650 | _aNEW SETTLEMENTS | ||
| 650 | _aREDUNDANT BUILDINGS | ||
| 690 | _aPLANNING LAW AND PRACTICE | ||
| 942 | _n0 | ||
| 948 | _c04/03/1997 | ||
| 999 |
_c15198 _d15198 |
||